00422nam a2200157Ia 4500003000400000008004100004040001600045082001100061100001900072245006300091260004400154300000800198650001600206650001200222650003000234GCL140319s9999 xx 000 0 eng d aGCL / cGCL04a612.761 aADAMS, GENE M.10aEXERCISE PHYIOSLOGY: LA BORATORY MANUAL / cADAMS, GENE M. a[S.N] : bBRUWNAND BEN CHMARK ، c1994 a29204aTERMINOLOGY04aASPECTS04aEXCERCISE - PHYSICOLGICAL